000 01070nam a2200277Ia 4500
003 OSt
005 20221005110420.0
006 a|||||r|||| 00| 0
007 ta
008 221004b |||||||| |||| 00| 0 hin d
020 _a9789383233472 (hbk)
_cINR 180.00
024 _a29562
037 _b280, 03/03/2017, Eastern Book Linkers
_cTextual
040 _aCRL
_cCRL
_bhin
041 _2hin
_ahin
082 _aO152,3N347w, Q4
100 _aजोशी, मालती, ले.
245 0 _aमेरे साक्षात्कार मालती जोशी
246 _aMere sākṣhātkār mālatī joshī
260 _aनई दिल्ली
_bकिताबघर प्रकाशन भारत
_c2014
300 _a102पृ0
_ccm.
490 _aमेरे साक्षात्कार सीरीज़
650 _aहिन्दी कहानी
942 _hO152,3N347w, Q4
_cTEXL
_2cc
999 _c1018732
_d1018732